Paroles - Il jouait du piano debout - France Gall - Statistiques

Statistiques générales
  • Ce quiz a été pris 1 628 fois
  • Le résultat moyen est 252 sur 302
Statistiques - réponses
Réponse % Correct
ce
99%
il
99%
de
98%
jouait
98%
pour
98%
à
97%
a
97%
ça
97%
c'est
97%
debout
97%
du
97%
et
97%
ma
97%
piano
97%
vous
97%
beaucoup
96%
dire
96%
était
96%
mais
96%
qui
96%
un
96%
veut
96%
détail
95%
moi
95%
peut-être
95%
qu'il
94%
93%
le
90%
libre
90%
d'être
89%
heureux
89%
au
88%
les
88%
tout
88%
que
85%
nous
84%
ne
83%
pas
83%
son
83%
autre
80%
garde
80%
sont
80%
comme
79%
quand
78%
autres
77%
dérange
77%
fou
77%
garçon
77%
genoux
77%
lui
76%
soldats
76%
gens
75%
malgré
75%
dites
74%
comprenez
71%
raisons
70%
ses
70%
sur
70%
être
69%
rien
69%
sa
68%
voulait
68%
étranges
67%
quelles
67%
deux
65%
chemin
64%
pieds
64%
avait
62%
simplement
61%
vivait
60%
choisi
59%
musique
59%
des
58%
pensent
58%
trouillards
57%
autrement
56%
patriote
56%
n'y
54%
mémoire
53%
quelques
53%
n'valait
52%
n'étaient
50%
bizarres
49%
coup
49%
n'sont
49%
vaut
49%
ils
46%
marqué
46%
fois
45%
fous
45%
notes
45%
rythmes
43%
vivre
43%
essaie
42%
leurs
42%
rêves
39%
image
37%
pleuraient
37%
tiennent
30%
chantait
29%
d'honneur
25%
champ
24%
mort
21%
serait
21%
Aucun quiz correspondant
Distribution des résultats
% des personnes avec chaque résultat
Percentile par nombre de réponses
Votre historique - résultats
Vous n’avez pas pris ce quiz